000
00342 a2200157 4500
001
174130
020
_a
040
_c
Magnum
100
_a
Azevedo, Ricardo
240
1
0
_a
O peixe que podia cantar
_l
por
245
1
0
_a
O peixe que podia cantar
362
0
_a
1899
440
1
_a
Melhoramentos
697
_a
IJ/FADAS, FANTASIA
942
_c
BK
999
_c
174130
_d
174130